[Event "Rilton Cup 51st"]
[Site "Stockholm"]
[Date "2023.12.31"]
[Round "5"]
[White "Welling, Gerard J"]
[Black "Dwilewicz, Katarzyna"]
[Result "1-0"]
[WhiteElo "2229"]
[BlackElo "2112"]
[PlyCount "75"]
[EventDate "2023.12.27"]
[EventType "swiss"]
[EventRounds "9"]
[EventCountry "SWE"]
[SourceTitle "CB02_2024"]
[SourceDate "2024.01.10"]
[SourceVersion "1"]
[SourceVersionDate "2024.01.10"]
[SourceQuality "1"]

1. d4 Nf6 2. Nf3 e6 3. e3 c5 4. Bd3 d5 5. c3 Nc6 6. 0-0 Bd6 7. Nbd2 0-0 8. dxc5 Bxc5 9. e4 dxe4 10. Nxe4 Nxe4 11. Bxe4 Qxd1 12. Rxd1 f6 13. b4 Bb6 14. a4 a6 15. a5 Bc7 16. Be3 Rd8 17. Bxc6 bxc6 18. Bb6 Bxb6 19. axb6 Rd7 20. Rxd7 Bxd7 21. Nd4 Kf7 22. Nb3 Bc8 23. c4 Rb8 24. c5 Ke7 25. Na5 Bd7 26. Rd1 Be8 27. Rd6 Rc8 28. f4 h6 29. Kf2 g5 30. g3 Bd7 31. Ke3 gxf4+ 32. gxf4 h5 33. Nxc6+ Bxc6 34. Rxc6 Rg8 35. Rc7+ Kd8 36. c6 Rg2 37. Rd7+ Kc8 38. b7+ 1-0

[Event "Maia op 7th"]
[Site "Maia"]
[Date "2023.08.26"]
[Round "2"]
[White "Welling, Gerard J"]
[Black "Moroni, Luca Jr"]
[Result "0-1"]
[WhiteElo "2249"]
[BlackElo "2573"]
[PlyCount "128"]
[EventDate "2023.08.25"]
[EventType "swiss"]
[EventRounds "9"]
[EventCountry "POR"]
[SourceTitle "EXT 2024"]
[Source "ChessBase"]
[SourceDate "2023.10.10"]
[SourceVersion "1"]
[SourceVersionDate "2023.10.10"]
[SourceQuality "1"]

1. e4 g6 2. d4 Bg7 3. Nf3 d6 4. c3 Nf6 5. Nbd2 0-0 6. Be2 Nc6 7. 0-0 e5 8. dxe5 dxe5 9. Qc2 Nh5 10. Rd1 Nf4 11. Bf1 Qf6 12. Ne1 h5 13. Nc4 g5 14. b4 Ne7 15. b5 Re8 16. a4 h4 17. Ba3 g4 18. Ne3 Bh6 19. Bxe7 Qxe7 20. g3 hxg3 21. hxg3 Nh3+ 22. Bxh3 Bxe3 23. Bf1 Bg5 24. Qe2 Be6 25. Nd3 f6 26. Nb4 Qc5 27. Nd5 Rad8 28. Qc4 Qxc4 29. Bxc4 Kf7 30. Kf1 c6 31. bxc6 bxc6 32. Ne3 Bxe3 33. Bxe6+ Kxe6 34. fxe3 Rxd1+ 35. Rxd1 Rb8 36. Ke2 f5 37. Kd3 Rd8+ 38. Kc2 Rh8 39. Kd3 Rh2 40. exf5+ Kxf5 41. Rf1+ Ke6 42. Rf8 Ra2 43. Re8+ Kd6 44. Rd8+ Ke7 45. Rg8 Rxa4 46. c4 Ke6 47. Rxg4 Kf5 48. Rh4 Ra3+ 49. Kd2 a5 50. e4+ Ke6 51. Rh6+ Kd7 52. c5 Rxg3 53. Rh5 Kc7 54. Rxe5 Kb7 55. Re8 Rb3 56. Kc2 Rb5 57. Re5 a4 58. Rh5 Ka6 59. Kc3 Ka5 60. Rf5 Rb3+ 61. Kc4 Rb4+ 62. Kd3 a3 63. Rf2 Ka4 64. Rf8 Kb3 0-1

[Event "Bad Woerishofen op 38th"]
[Site "Bad Woerishofen"]
[Date "2023.03.07"]
[Round "5"]
[White "Welling, Gerard J"]
[Black "Ilamparthi, AR."]
[Result "0-1"]
[WhiteElo "2262"]
[BlackElo "2423"]
[PlyCount "59"]
[EventDate "2023.03.03"]
[EventType "swiss"]
[EventRounds "9"]
[EventCountry "GER"]
[SourceTitle "CBM 213 Extra"]
[Source "ChessBase"]
[SourceDate "2023.05.31"]
[SourceVersion "1"]
[SourceVersionDate "2023.05.31"]
[SourceQuality "1"]

1. e4 c5 2. d3 Nc6 3. g3 g6 4. Bg2 Bg7 5. f4 e6 6. Nf3 Nge7 7. 0-0 0-0 8. c3 d5 9. Na3 b6 10. e5 f6 11. exf6 Bxf6 12. Qe2 Nf5 13. g4 Nd6 14. Nc2 Re8 15. Ne5 Qc7 16. Bd2 Ba6 17. Nxc6 Qxc6 18. a4 Nf7 19. Qf3 Bg7 20. Rfe1 Rad8 21. b4 Bb7 22. b5 Qd7 23. d4 Nd6 24. Qd3 Rc8 25. Be3 Ne4 26. dxc5 Nxc5 27. Bxc5 Rxc5 28. Nd4 Rc4 29. g5 Qc8 30. Rac1 0-1

[Event "Staufer op 33rd"]
[Site "Schwaebisch Gmuend"]
[Date "2023.01.02"]
[Round "2"]
[White "Welling, Gerard J"]
[Black "Degenhard, Simon"]
[Result "1/2-1/2"]
[WhiteElo "2270"]
[BlackElo "2168"]
[PlyCount "110"]
[EventDate "2023.01.02"]
[EventType "swiss"]
[EventRounds "9"]
[EventCountry "GER"]
[SourceTitle "CBM 212 Extra"]
[Source "ChessBase"]
[SourceDate "2023.03.31"]
[SourceVersion "1"]
[SourceVersionDate "2023.03.31"]
[SourceQuality "1"]

1. d4 Nf6 2. Nf3 e6 3. e3 b6 4. Bd3 c5 5. 0-0 Bb7 6. c4 Be7 7. Nc3 cxd4 8. exd4 d5 9. cxd5 Nxd5 10. Ne5 0-0 11. Qh5 Nf6 12. Qh4 Ne4 13. Qh3 Qxd4 14. Nxf7 Rxf7 15. Bxe4 Bxe4 16. Qg4 Na6 17. Be3 Qb4 18. Qxe4 Qxe4 19. Nxe4 Rc8 20. Rac1 Rff8 21. a3 Nc7 22. Rc6 Nd5 23. Rfc1 Rxc6 24. Rxc6 Rd8 25. Kf1 Nxe3+ 26. fxe3 Rd1+ 27. Ke2 Rb1 28. b4 h6 29. Rc7 Bf8 30. Rxa7 Ra1 31. b5 Rxa3 32. Ra6 Rb3 33. Rxb6 Ba3 34. Rb7 Bc1 35. Nc5 Rxe3+ 36. Kd1 Ba3 37. Nd7 Bd6 38. g3 h5 39. Kd2 Ra3 40. Rb6 Bb4+ 41. Kc2 Rc3+ 42. Kb2 Rd3 43. Ne5 Re3 44. Rb8+ Kh7 45. Nc4 Re2+ 46. Kb3 Bc5 47. b6 Bxb6 48. Rxb6 Rxh2 49. Rxe6 Rh3 50. Re3 h4 51. gxh4 Rxe3+ 52. Nxe3 Kg6 53. Kc3 Kh5 54. Ng2 g5 55. hxg5 Kxg5 1/2-1/2

[Event "Fagernes op"]
[Site "Fagernes"]
[Date "2022.04.15"]
[Round "7"]
[White "Welling, Gerard J"]
[Black "Blomqvist, Erik"]
[Result "0-1"]
[WhiteElo "2261"]
[BlackElo "2550"]
[PlyCount "76"]
[EventDate "2022.04.10"]
[EventType "swiss"]
[EventRounds "9"]
[EventCountry "NOR"]
[SourceTitle "CBM 207 Extra"]
[Source "ChessBase"]
[SourceDate "2022.05.31"]
[SourceVersion "1"]
[SourceVersionDate "2022.05.31"]
[SourceQuality "1"]

1. d4 d5 2. Nf3 Nf6 3. e3 c5 4. Nbd2 cxd4 5. exd4 Qc7 6. Be2 Nc6 7. c3 Bf5 8. 0-0 h6 9. Re1 e6 10. Nf1 Bd6 11. Ng3 Bh7 12. Bd3 Bxd3 13. Qxd3 0-0 14. Qe2 Nd7 15. Nh5 Rfe8 16. Qe3 Bf8 17. Ne5 Ncxe5 18. dxe5 g6 19. Nf4 Bg7 20. Nd3 Qc4 21. Qh3 Rac8 22. Bd2 h5 23. Qe3 b6 24. Qe2 a5 25. f4 Bf8 26. Kh1 a4 27. Qf3 Nc5 28. Nf2 Be7 29. g3 Red8 30. Re2 Ne4 31. Nxe4 dxe4 32. Rxe4 Qb5 33. c4 Qxb2 34. Bc3 Qc2 35. Rae1 Rd3 36. R1e3 Rxe3 37. Qxe3 Bc5 38. Qe2 Qxc3 0-1

[Event "Fagernes op"]
[Site "Fagernes"]
[Date "2022.04.12"]
[Round "4"]
[White "Abdrlauf, Elham"]
[Black "Welling, Gerard J"]
[Result "1-0"]
[WhiteElo "2427"]
[BlackElo "2261"]
[PlyCount "53"]
[EventDate "2022.04.10"]
[EventType "swiss"]
[EventRounds "9"]
[EventCountry "NOR"]
[SourceTitle "CBM 207 Extra"]
[Source "ChessBase"]
[SourceDate "2022.05.31"]
[SourceVersion "1"]
[SourceVersionDate "2022.05.31"]
[SourceQuality "1"]

1. e4 c6 2. d4 d5 3. f3 g6 4. Nc3 Bg7 5. Be3 Qb6 6. Rb1 dxe4 7. fxe4 e5 8. Nf3 Bg4 9. Qd2 Bxf3 10. dxe5 Qc7 11. gxf3 Bxe5 12. f4 Bg7 13. Bh3 Na6 14. 0-0 Ne7 15. Qf2 0-0 16. f5 Be5 17. f6 Nc8 18. Qh4 Nd6 19. Qg5 Ne8 20. Rbd1 h6 21. Qh4 Rd8 22. Bxh6 Rxd1 23. Nxd1 Qd6 24. Bxf8 Qd4+ 25. Nf2 Bxf6 26. Qh6 Qxb2 27. e5 1-0

[Event "Staufer op 32nd"]
[Site "Schwaebisch Gmuend"]
[Date "2020.01.04"]
[Round "6"]
[White "Doehler, Tobias"]
[Black "Welling, Gerard J"]
[Result "1/2-1/2"]
[WhiteElo "2050"]
[BlackElo "2289"]
[PlyCount "48"]
[EventDate "2020.01.02"]
[EventType "swiss"]
[EventRounds "9"]
[EventCountry "GER"]
[SourceTitle "CBM 194 Extra"]
[Source "ChessBase"]
[SourceDate "2020.03.31"]
[SourceVersion "1"]
[SourceVersionDate "2020.03.31"]
[SourceQuality "1"]

1. d4 g6 2. g3 Bg7 3. Bg2 c5 4. c3 Qc7 5. Nf3 Nf6 6. 0-0 0-0 7. Re1 d6 8. a4 Nc6 9. d5 Na5 10. Na3 Bd7 11. h3 a6 12. e4 e6 13. Bf1 exd5 14. exd5 c4 15. Ra2 b5 16. axb5 axb5 17. Nd4 Qb6 18. Nac2 Nb7 19. Rxa8 Rxa8 20. Bg2 Nc5 21. Nb4 Ra1 22. Ndc2 Ra8 23. Nd4 Ra1 24. Ndc2 Ra8 1/2-1/2

[Event "Newcastle Northumbria Masters"]
[Site "Newcastle on Tyne"]
[Date "2019.08.27"]
[Round "8"]
[White "Han, Yichen"]
[Black "Welling, Gerard J"]
[Result "1-0"]
[WhiteElo "2190"]
[BlackElo "2310"]
[PlyCount "85"]
[EventDate "2019.08.23"]
[EventType "swiss"]
[EventRounds "9"]
[EventCountry "ENG"]
[SourceTitle "EXT 2020"]
[Source "ChessBase"]
[SourceDate "2019.10.17"]
[SourceVersion "1"]
[SourceVersionDate "2019.10.17"]
[SourceQuality "1"]

1. e4 c6 2. d4 g6 3. Nc3 Bg7 4. h3 d5 5. Nf3 dxe4 6. Nxe4 Nf6 7. Nxf6+ exf6 8. Bc4 0-0 9. 0-0 Nd7 10. Bb3 Nb6 11. Re1 a5 12. a4 Nd5 13. Bd2 Qd6 14. Qc1 g5 15. c4 Nb4 16. c5 Qd8 17. Bxb4 axb4 18. Qd2 h5 19. Qxb4 g4 20. hxg4 hxg4 21. Nh2 f5 22. Rad1 Qh4 23. d5 cxd5 24. Bxd5 Ra6 25. Qf4 Bh6 26. Qc7 Rf6 27. Re7 Qh5 28. Rde1 f4 29. Re8 g3 30. fxg3 Qxd5 31. Qxc8 fxg3 32. Nf3 Rc6 33. Qg4+ Rg6 34. Qd4 Qxd4+ 35. Nxd4 Rg4 36. Nf5 Bd2 37. R1e4 Rg5 38. R8e5 Rd8 39. Nd6 Rxe5 40. Rxe5 Bf4 41. Rd5 Be3+ 42. Kf1 Bxc5 43. Rg5+ 1-0